[Event "EICC 2019"]
[Site "Skopia"]
[Date "2019.03.28"]
[Round "10.34"]
[White "Beliavsky, Alexander G"]
[Black "Moiseenko, Alexander"]
[Result "0-1"]
[WhiteElo "2526"]
[BlackElo "2648"]
[Annotator "TA"]
[PlyCount "164"]
[EventDate "2019.03.18"]
[EventType "swiss"]
[EventCountry "MKD"]
[SourceTitle "playchess.com"]
[Source "ChessBase"]
[SourceQuality "1"]

{[%evp 9,164,5,30,27,21,20,20,13,20,3,25,0,0,0,25,7,20,0,0,0,0,-1,26,6,25,12,24,0,1,0,0,0,8,-18,0,0,0,-47,-56,-65,-41,-27,-29,-50,-31,-104,-102,-118,-118,-118,-107,-154,-114,-114,-100,-116,-116,-152,-120,-150,-148,-245,-210,-211,-160,-164,-160,-388,-388,-350,-186,-284,-251,-254,-242,-240,-162,-220,-208,-216,-184,-191,-157,-163,-159,-215,-225,-229,-213,-208,-185,-186,-152,-167,-101,-101,-101,-101,-101,-100,-100,-101,-101,-101,-101,-101,-101,-101,-101,-108,-108,-108,-101,-108,-101,-133,-141,-131,-129,-140,-136,-140,0,0,0,-747,0,0,0,0,-8,-1500,-1420,-1237,-137,-1604,-1447,-1468,-1398,-29964,-29962,-29975,0,-1351,-1353,-1176,-875,-5522,-4666,-29980,-29981,-29981,-29982,-29981,-29981,-29979,-29980]} 1. d4 Nf6 2. c4 e6 3. Nf3 d5 4. g3 Bb4+ 5. Bd2 Bd6 (5... Be7 6. Bg2 O-O 7. O-O c6 8. Qc2 Nbd7 9. Bf4 b6 10. Rd1 Ba6 11. cxd5 cxd5 12. Ne5 Nxe5 13. dxe5 Ng4 14. Bf3 f5 15. exf6 Nxf6 16. Qa4 Bb7 17. Nd2 Qe8 18. Qxe8 Rfxe8 {½-½ (29) Giri,A (2783)-Ding,L (2813) Wijk aan Zee 2019}) 6. Bg2 {E01: Catalan: Early deviations} c6 7. Qc2 Nbd7 8. O-O {The position is equal.} O-O 9. Rc1 Ne4 10. Bf4 $146 ({Predecessor:} 10. Ne1 f5 11. Nd3 g5 12. cxd5 exd5 {1-0 (34) Mkrtchyan,S (2115)-Mkrtchian,L (2401) Yerevan 2017}) 10... Bxf4 11. gxf4 f5 12. Nbd2 h6 13. cxd5 exd5 14. b4 a6 15. a4 Nd6 16. Ne5 Kh7 17. Ra3 Qe7 18. Rb3 Nf6 19. Rg3 Rg8 20. e3 Be6 21. Rb1 Nfe4 22. Nxe4 fxe4 23. b5 cxb5 24. axb5 axb5 25. Qe2 g5 26. Qh5 Qf6 (26... Rg7 {with more complications.} 27. Bh3 Rag8 28. Ng4 Bxg4 29. Qxg4 Qf8) 27. fxg5 ({White should try} 27. Bh3 $15 Bxh3 28. fxg5 Rxg5 29. Qxh3) 27... Rxg5 $17 28. Rxg5 Qxg5 29. Qxg5 hxg5 30. f3 exf3 31. Bxf3 Ra2 32. Bg2 Kg7 33. Bf3 Kf6 34. Rf1 {Hoping for Bxd5+.} Ke7 35. Nd3 (35. Rb1 $17 {might work better.}) 35... Ne4 36. Rc1 Nd2 37. Bg2 {[#]} Kd6 $1 38. Rc5 $2 (38. Nc5 $17) 38... Ra1+ $19 39. Kf2 Rb1 (39... Ne4+ $142 40. Bxe4 dxe4) 40. Rc2 (40. Rc1 {was the only chance.}) 40... Nc4 41. e4 dxe4 42. Bxe4 b6 43. Ne1 (43. Re2 $142) 43... Rb3 44. Nd3 Bd5 45. Bg6 Ra3 46. Re2 Be6 47. Be4 (47. Re1 $17) 47... Ra4 48. Bh7 Ra8 49. Bg6 Rh8 50. Kg1 Rh4 51. Rg2 Rg4 ({Don't play} 51... Rxd4 52. Rxg5 b4 53. h3 $19) ({Black should play} 51... Kd5 $19 {aiming for ...Rg4.} 52. Ne1 g4) 52. Rxg4 $17 Bxg4 {[%mdl 4096] Endgame KBN-KBN} 53. Nb4 Na5 54. Kf2 Nc6 55. Nxc6 Kxc6 {KB-KB} 56. Be4+ Kd6 57. Ke3 Be6 58. Kd3 b4 59. Bf3 Bd5 60. Bh5 Kd7 61. Bg4+ Kc6 62. Bh5 Kb5 63. Be8+ Bc6 64. Bf7 Ka4 65. d5 {[#]} Bb5+ (65... Bd7 $1 $17 {[%cal Rd7f5]} 66. Kd4 b3) 66. Kd4 $11 b3 67. Bg6 $2 {[%mdl 8192]} (67. d6 $11) 67... Ka3 $2 (67... Kb4 $19 68. Bf5 b2) 68. Ke5 b2 {And now ...Ka2 would win.} 69. Bb1 Kb4 {White should prevent ...Kc5.} 70. Kd4 $2 {[%mdl 8192]} (70. d6 $11) 70... Bd7 71. d6 g4 $2 (71... b5 $19 {and Black stays clearly on top.} 72. Bc2 Bh3) 72. Ba2 $2 {[%mdl 8192]} (72. Bc2 $17) 72... b5 $19 73. Bb1 Kb3 74. Kd3 Bf5+ 75. Kd2 Bd7 (75... Bxb1 $142 76. d7 Be4 77. Ke3 b1=Q 78. d8=Q Bf3 79. Qg8+ Ka3 80. Qg7 Qg1+ 81. Kf4 Qxh2+ 82. Kf5 Qc2+ 83. Kg5 b4 84. Qa1+ Kb3 85. Qf6 Qc3 86. Qf7+ Kb2 87. Qf4 Qc1 88. Kf5 Qxf4+ 89. Kxf4 b3 90. Ke5 Kc2 91. Kf5 b2 92. Kf4 b1=Q 93. Kf5 g3 94. Ke6 g2 95. Ke7 g1=Q 96. Kf7 Qb7+ 97. Kf8 Qc5+ 98. Kg8 Qcc8#) 76. Kd3 $1 b4 77. Kd4 Be8 78. Kd3 Bg6+ 79. Kd2 Bxb1 {Black mates.} 80. d7 Be4 81. d8=Q b1=Q 82. Qg8+ Ka3 {Accuracy: White = 38%, Black = 62%.} 0-1

[Event "EICC 2019"]
[Site "Skopia"]
[Date "2019.03.28"]
[Round "10.35"]
[White "Volokitin, Andrei"]
[Black "Kadric, Denis"]
[Result "1-0"]
[WhiteElo "2635"]
[BlackElo "2547"]
[Annotator "TA"]
[PlyCount "77"]
[EventDate "2019.03.18"]
[EventType "swiss"]
[EventCountry "MKD"]
[SourceTitle "playchess.com"]
[Source "ChessBase"]
[SourceQuality "1"]

{[%evp 17,77,33,37,37,42,22,27,10,17,17,38,43,48,52,49,37,37,28,45,0,54,51,52,52,36,42,41,54,125,147,147,112,147,-266,147,133,101,99,169,183,142,125,152,22,365,356,343,351,343,344,326,310,689,678,629,628,670,620,511,494,487,456]} 1. e4 d6 2. d4 Nf6 3. Nc3 e5 4. Nf3 Nbd7 5. Bc4 Be7 6. a4 O-O 7. O-O c6 8. Re1 h6 9. h3 Re8 10. Be3 {C41: Philidor Defence} (10. Ba2 exd4 11. Nxd4 Bf8 12. Be3 Nxe4 13. Nxe4 Rxe4 14. Qf3 d5 15. Rad1 Ne5 16. Qg3 Ng6 17. c4 Bd6 {0-1 (38) Saric,I (2695)-Ivanisevic,I (2603) Skopje 2018}) 10... exd4 11. Bxd4 Nf8 $146 ({Predecessor:} 11... Bf8 12. e5 dxe5 13. Nxe5 Nxe5 14. Bxe5 Be6 15. Qxd8 Raxd8 16. Bxf6 gxf6 17. Bd3 a5 {½-½ (79) Hirneise,T (2465)-Pikula,D (2466) Valjevo 2018}) 12. a5 {White has an edge.} Be6 13. Nd2 d5 14. exd5 Nxd5 15. Nxd5 Bxd5 16. Qg4 {[%csl Gd4][%cal Rg4g7]} Ng6 $1 17. Bd3 Bf8 18. a6 b5 (18... Be6 $11 19. Qg3 (19. axb7 Bxg4 20. Rxe8 Qxe8 $17) (19. Rxe6 Rxe6 20. axb7 Rb8 $11) 19... b6) 19. Bxg6 $14 fxg6 20. Qxg6 Rxe1+ 21. Rxe1 {Strongly threatening Ne4.} Bf7 22. Qg4 Qa5 (22... c5 $14 23. Be3 Qd6) 23. c3 $16 {And now Ne4 would win.} c5 {[#]} 24. Ne4 $1 {[%cal Re4f6]} cxd4 25. Nf6+ $1 Kh8 26. Qe4 $40 {[%csl Gf6][%cal Re4h7][%mdl 128] White has strong attack.} gxf6 27. Qxa8 {[%mdl 64] Double Attack} Kg7 28. Qxa7 {Hoping for Rd1.} dxc3 29. bxc3 Qxc3 {[#]} 30. Qe3 ({Only move:} 30. Rd1 $1 $16 {[%cal Rd1d7]} Bc5 31. Qb8) 30... b4 $2 {[%mdl 8192]} (30... Qxe3 $1 $11 {and Black is okay.} 31. Rxe3 Bc5) 31. a7 $18 Bd5 {intending ...Bc5.} 32. Rd1 Qxe3 33. fxe3 Be4 34. Rd4 b3 $2 (34... Bc6 35. Rc4 Bd5) 35. Rxe4 {White is clearly winning.} b2 36. Rg4+ Kf7 37. a8=Q {White wants to mate with Qd5+.} b1=Q+ 38. Kh2 {aiming for Qd5+.} Bd6+ 39. g3 {Accuracy: White = 63%, Black = 55%.} 1-0

[Event "EICC 2019"]
[Site "Skopia"]
[Date "2019.03.28"]
[Round "10.36"]
[White "Demuth, Adrien"]
[Black "Paravyan, David"]
[Result "1-0"]
[WhiteElo "2510"]
[BlackElo "2627"]
[Annotator "TA"]
[PlyCount "81"]
[EventDate "2019.03.18"]
[EventType "swiss"]
[EventCountry "MKD"]
[SourceTitle "playchess.com"]
[Source "ChessBase"]
[SourceQuality "1"]

{[%evp 13,81,0,11,6,8,11,6,14,20,14,29,8,27,24,34,28,35,-52,0,0,19,31,39,8,152,151,160,168,163,161,157,164,163,147,149,156,137,102,249,250,244,249,285,281,300,305,344,336,345,336,362,333,360,357,358,344,662,643,659,645,641,647,720,706,768,757,718,724,696,660]} 1. Nf3 Nf6 2. c4 b6 3. g3 Bb7 4. Bg2 g6 5. b3 Bg7 6. Bb2 O-O 7. O-O e6 8. d4 {A15: English Opening: 1...Nf6} Qe7 9. Nc3 d5 10. Ne5 {The position is equal.} c5 $146 ({Predecessor:} 10... Rd8 11. Qc2 Na6 12. Rad1 c5 13. dxc5 bxc5 14. cxd5 exd5 {0-1 (31) Loiseau,Q (2401)-Iturrizaga Bonelli,E (2640) Rochefort 2015}) 11. dxc5 bxc5 12. Nd3 Na6 13. cxd5 exd5 14. Rc1 Rac8 15. Ba3 ({White should play} 15. Nb5 $14) 15... Ne4 (15... Bh6 $1 $15 16. Rb1 d4 17. Bxb7 Qxb7) 16. Na4 $11 Rfd8 17. Qe1 h5 18. Qa5 {[%cal Rd3c5]} Bd4 (18... Bh6 $11 19. Rc2 Qc7 20. Qxc7 Rxc7) 19. e3 $16 Nxf2 20. Nxf2 Bxe3 21. Rce1 $1 d4 22. Bxb7 Qxb7 23. Bc1 $1 {[%cal Rc1e3]} (23. Bxc5 Rd5 $17) (23. Nxc5 Nxc5 24. Bxc5 Qf3 $11) 23... Re8 24. Bxe3 dxe3 25. Nh3 {And now Nf4 would win.} Re5 (25... Nb4 $16 {is a better defense.}) 26. Qc3 $18 Rce8 27. Nb2 e2 {[#]} 28. Rf2 $1 Re3 29. Qd2 Nb4 30. Nf4 (30. Rexe2 Rxe2 31. Rxe2 Rxe2 $18) 30... h4 31. gxh4 ({But not} 31. Rexe2 Rxe2 32. Rxe2 Rxe2 $18) (31. Rfxe2 Rxe2 32. Rxe2 Rxe2 $18) 31... Qc8 32. Nc4 ({Not} 32. Nxe2 Qg4+ 33. Rg2 Qxh4 $18) ({Don't do} 32. Rexe2 Qg4+ 33. Kf1 Rxe2 $18) 32... Qg4+ {[#]} 33. Rg2 $1 {[%cal Rg2g4]} Qxf4 34. Nxe3 Nc6 $2 (34... Qxe3+ 35. Qxe3 Rxe3 36. Rgxe2 Rd3 37. Re8+ Kg7) 35. Nc4 {White is clearly winning.} Qxh4 {and the idea ...Nd4 leaves Black hopeful.} 36. Rexe2 Rd8 37. Qe1 Qf6 38. Re8+ Rxe8 39. Qxe8+ Kg7 40. Rf2 Qg5+ 41. Kf1 {Accuracy: White = 76%, Black = 36%.} 1-0

[Event "EICC 2019"]
[Site "Skopia"]
[Date "2019.03.28"]
[Round "10.37"]
[White "Salgado Lopez, Ivan"]
[Black "Grigoriants, Sergey"]
[Result "1/2-1/2"]
[WhiteElo "2622"]
[BlackElo "2543"]
[Annotator "TA"]
[PlyCount "132"]
[EventDate "2019.03.18"]
[EventType "swiss"]
[EventCountry "MKD"]
[SourceTitle "playchess.com"]
[Source "ChessBase"]
[SourceQuality "1"]

{[%evp 32,132,32,25,34,16,25,16,14,13,27,0,0,0,0,5,16,17,20,13,60,-4,-20,-24,41,48,66,-25,13,18,0,-120,-120,-112,-27,-27,0,-72,64,44,68,50,154,158,168,137,146,135,144,149,156,169,246,166,189,182,192,157,164,181,161,167,164,52,119,126,139,128,138,110,142,149,143,79,160,129,129,101,102,68,54,36,68,68,78,0,8,8,8,8,12,0,0,0,0,0,0,0,0,0,0,0,0]} 1. Nf3 c5 2. b3 Nf6 3. Bb2 b6 4. c4 Bb7 5. g3 e6 6. Bg2 Be7 7. O-O O-O 8. d4 cxd4 9. Qxd4 d6 10. Nc3 a6 11. Rfe1 Nbd7 12. e4 Qc7 {A30: Symmetrical English: Double Fianchetto and Hedgehog} 13. Qd2 (13. h3 Rad8 14. Nd2 Rfe8 15. Qe3 Bf8 16. Qe2 Qb8 17. g4 g6 18. Nf1 Bc6 19. Ng3 h6 20. a4 {0-1 (45) Granda Zuniga,J (2664)-Matamoros Franco,C (2545) Linares 2013}) 13... Rfe8 14. Nd4 Bf8 15. h3 Rac8 16. Rad1 Qb8 17. Kh2 {LiveBook: 4 Games} Ba8 $146 ({Predecessor:} 17... Nc5 18. Re2 Rcd8 19. Qe1 Qa8 20. f3 Qb8 21. Qf2 d5 22. exd5 exd5 23. cxd5 Rxe2 {½-½ (23) Alienkin,A (2396)-Orlov,A (2487) Belgium 2017}) 18. Qd3 g6 19. Qf1 Bg7 20. Ba1 Nc5 21. Rd2 h5 22. Kg1 Bb7 23. Nc2 Red8 24. Qe2 h4 25. g4 e5 26. Qe3 {[#]} (26. g5 $14 Nh5 27. Qg4) 26... b5 $1 $11 {[%mdl 512]} 27. Nd5 {aiming for Ne7+.} (27. cxb5 axb5) 27... Bxd5 (27... Re8 $11) 28. cxd5 $14 b4 29. Bf3 (29. f4 $14) 29... a5 30. g5 Nh7 31. Bg4 (31. Kh1 $11 {keeps the balance.}) 31... Rc7 $17 32. Kh1 Re8 (32... Rf8 $17 {Threatens to win with ...f5.} 33. Rg1 Qd8) 33. Rg1 $1 $11 Qd8 34. Bd1 {[#]} (34. Bf3 $1 $11 {was the only way to keep the balance.}) 34... Bf8 (34... f6 $1 $17) 35. Ne1 Qd7 36. Kh2 Be7 (36... a4 $14) 37. f4 $16 Bf8 38. fxe5 dxe5 39. Nf3 Nb7 40. Rg4 (40. Bxe5 $2 Rxe5 41. Nxe5 Bd6 $19) (40. Nxe5 $2 Bd6 $19) 40... Bc5 41. Qe1 Qd6 (41... Bf8 $142 42. Rxh4 (42. Qxh4 Bg7 $16) (42. Bxe5 Rxe5 43. Nxe5 Bd6 $17) 42... Bg7) 42. Bb2 (42. Rxh4 Bd4) (42. Qxh4 Be3 $16) 42... Qb6 43. Re2 ({Don't do} 43. Nxh4 $6 Be3 $16) (43. Bxe5 Rxe5 44. Nxe5 Bd6 $17) 43... Bd6 44. Qxh4 Nc5 45. Bc2 Qa6 46. Rgg2 a4 47. bxa4 (47. Re3 $18) 47... Nxa4 (47... Qc4 $1 $14) 48. Bxa4 Qxa4 49. Qg3 Nf8 50. h4 ({Don't go for} 50. Bxe5 $2 Rxe5 51. Nxe5 Nd7 $19) 50... b3 {[#]} 51. axb3 $1 ({Avoid the trap} 51. Bxe5 $2 Rxe5 52. Nxe5 Qd4 $19) 51... Qxb3 52. Rgf2 (52. Qg4 $142) 52... Qd3 ({Black should try} 52... Nd7) 53. Ne1 Qxg3+ 54. Kxg3 Nd7 55. Rc2 Nc5 56. Rc4 Rb8 57. Re2 $1 Rb3+ 58. Nf3 ({White should play} 58. Kg2 $16) 58... Nd3 {The position is equal.} 59. Rxc7 Bxc7 60. Rc2 Ba5 $1 61. Rc8+ Kg7 62. Ba1 Ra3 63. d6 $1 Rxa1 64. d7 Bb6 {Strongly threatening ...Ra3.} (64... Ra3 $5 65. Ra8 $8 Ne1 66. Rxa5 Rxf3+ 67. Kg4 Rf4+ 68. Kg3 Rf3+ 69. Kg4 Rf4+ 70. Kg3 Rf3+ $11) 65. d8=Q Bxd8 66. Rxd8 Ra3 {Accuracy: White = 49%, Black = 48%.} 1/2-1/2

[Event "EICC 2019"]
[Site "Skopia"]
[Date "2019.03.28"]
[Round "10.38"]
[White "Arutinian, David"]
[Black "Postny, Evgeny"]
[Result "0-1"]
[WhiteElo "2555"]
[BlackElo "2619"]
[Annotator "TA"]
[PlyCount "118"]
[EventDate "2019.03.18"]
[EventType "swiss"]
[EventCountry "MKD"]
[SourceTitle "playchess.com"]
[Source "ChessBase"]
[SourceQuality "1"]

{[%evp 20,118,10,0,4,0,0,-20,-12,-9,-13,-30,-28,-22,0,-40,-33,-39,-40,-122,-122,-147,-171,-230,-222,-220,-229,-239,-220,-237,-239,-277,-244,-247,-243,-281,-281,-289,-275,-306,-297,-283,-221,-248,-258,-248,-253,-261,-240,-256,-249,-293,-300,-369,-369,-369,-268,-369,-357,-350,-322,-432,-425,-434,-434,-508,-501,-525,-524,-508,-483,-8126,-7727,-7277,-6664,-8126,-8111,-6737,-5656,-12741,-9837,-5620,-2462,-29967,-29969,-29971,-29972,-29972,-29973,-29970,-2123,-29974,-29975,-29975,-29976,-29979,-29980,-29981,-29982,-29980,-29980]} 1. Nf3 d5 2. e3 Nf6 3. c4 e6 4. d4 Be7 5. b3 O-O 6. Bd3 c5 7. O-O cxd4 8. exd4 Nc6 9. Bb2 b6 10. Nbd2 Bb7 11. Qe2 Re8 {E14: Queen's Indian: Classical Variation (4 e3)} 12. Rad1 Bf8 13. a3 Rc8 {The position is equal.} 14. Rfe1 g6 15. Nf1 {[#]} Na5 $146 ({Predecessor:} 15... Bg7) 16. N1d2 Nc6 17. Nf1 Nh5 18. Qe3 Na5 {[%cal Rd5c4]} 19. N1d2 {[#]} ({Better is} 19. cxd5 $15 exd5 20. Qxe8 Qxe8 21. Rxe8 Rxe8 22. N1d2) 19... Nxb3 $1 $17 {[%mdl 576] Remove Defender} 20. Nxb3 {Hoping for c5.} dxc4 21. Bxc4 (21. Bc2 $142 cxb3 22. Bxb3) 21... Rxc4 $19 22. d5 Bxd5 23. Nbd4 Bg7 24. Ne5 Rc5 25. Ng4 Qh4 26. h3 Nf6 27. Ne5 Qe4 28. Qxe4 Nxe4 29. Nd3 Nc3 30. Rc1 Rc4 ({Weaker is} 30... Bxd4 31. Nxc5 Bxc5 32. Rxc3 $15) 31. Bxc3 Bxd4 32. Bxd4 Rxd4 33. Nb4 a5 34. Nxd5 Rxd5 {[%mdl 4096] Endgame KRR-KRR} 35. Rc7 Red8 36. Rb7 Rd1 37. Kf1 Rxe1+ 38. Kxe1 {KR-KR} Rd3 39. Rxb6 Rxa3 40. Rb7 Ra2 41. h4 Kg7 42. g3 h6 43. Ra7 g5 44. hxg5 hxg5 45. Kf1 (45. f3 $142 Kf6 46. Rd7) 45... g4 46. Rc7 Kg6 47. Rc4 f5 48. Rc5 Kf6 49. Rb5 a4 {[%cal Ba5a4,Ba4a3,Ba3a2][%mdl 32]} 50. Ra5 a3 51. Kg2 Ra1 52. Kh2 a2 53. Kg2 e5 54. Ra4 Ke7 (54... Ke6 $142 55. Ra5 f4 56. gxf4 exf4 57. Ra6+ Ke5 58. Ra5+ Kd4 59. f3 gxf3+ 60. Kf2 Rh1 61. Ra4+ Ke5 62. Ra5+ Kd4 63. Ra4+ Kc3 64. Ra3+ Kb2 65. Ra6 a1=Q 66. Rxa1 Rxa1 67. Kxf3 Ra4 68. Kg4 Kc3 69. Kh3 Kd4 70. Kg4 Ke4 71. Kg5 Ra6 72. Kg4 Ra5 73. Kh3 Kf3 74. Kh2 Ra1 75. Kh3 Rh1#) 55. Ra5 Kd6 {Black mates.} 56. Ra4 {[#]} f4 $1 57. gxf4 exf4 58. Ra3 f3+ 59. Kh2 {[#]} g3+ $1 {Accuracy: White = 23%, Black = 81%.} 0-1

[Event "EICC 2019"]
[Site "Skopia"]
[Date "2019.03.28"]
[Round "10.39"]
[White "Repka, Christopher"]
[Black "Vocaturo, Daniele"]
[Result "1/2-1/2"]
[WhiteElo "2466"]
[BlackElo "2616"]
[Annotator "TA"]
[PlyCount "104"]
[EventDate "2019.03.18"]
[EventType "swiss"]
[EventCountry "MKD"]
[SourceTitle "playchess.com"]
[Source "ChessBase"]
[SourceQuality "1"]

{[%evp 27,104,0,0,0,0,-43,-33,-66,-75,-116,-106,-113,-104,-144,-80,-83,-75,-131,-132,-215,-78,-79,-79,-98,-97,-161,-135,-160,-160,-157,-143,-160,-160,-153,-153,-152,-153,-153,-153,-362,-362,-329,-329,-329,-329,-203,0,0,0,0,0,0,0,0,0,0,0,-202,-228,-254,0,0,0,0,0,0,0,0,0,0,0,0,0,0,0,0,0,0,0]} 1. d4 Nf6 2. c4 g6 3. Nf3 Bg7 4. g3 d5 5. cxd5 Nxd5 6. Bg2 Nb6 7. O-O Nc6 8. e3 O-O 9. Nc3 Re8 10. Re1 a5 {D76: Fianchetto Grünfeld: Main Line with 7...Nb6} 11. Qe2 (11. h3 a4 12. Rb1 a3 13. bxa3 e5 14. dxe5 Nxe5 15. Qxd8 Nxf3+ 16. Bxf3 Rxd8 17. Nb5 Be5 18. Nd4 Bxh3 19. Bxb7 Bxd4 20. exd4 {1-0 (38) Ivanchuk,V (2726)-Muzychuk,M (2540) Caleta 2018}) 11... e5 12. dxe5 Nxe5 13. Nxe5 Bxe5 14. f4 Bxc3 {LiveBook: 4 Games} 15. bxc3 Bf5 16. c4 Bd3 17. Qd2 {And now c5 would win.} Be4 $146 ({But not} 17... Nxc4 $6 18. Qc3 $14) 18. c5 {Qxd8 is the strong threat.} Na4 $1 19. Bxe4 Rxe4 20. Qc2 Qe7 (20... Qd5 $142 $1 21. Ba3 Rc4) 21. Rb1 $17 Nxc5 22. Ba3 {[#]} ({White should play} 22. Bb2) 22... b6 $1 ({Don't go for} 22... Rxe3 $2 23. Qf2 $18) 23. Qc3 (23. Bxc5 $17 {was called for.} bxc5 24. Qc3) 23... Re8 (23... Na4 $19 24. Qb3 c5) 24. Bxc5 bxc5 25. Rb5 a4 {[%cal Re4e3]} 26. Rxc5 (26. Kf2 $17) 26... Rxe3 $19 27. Rxe3 Qxe3+ 28. Qxe3 Rxe3 29. Rxc7 $17 {[%mdl 4096] Endgame KR-KR} Re2 30. a3 Re3 31. Ra7 Rxa3 32. Kg2 h5 33. h4 $2 (33. Kh3 $17) 33... Kg7 $19 34. Ra5 Ra1 35. f5 a3 36. fxg6 fxg6 $2 (36... Kxg6 $19 37. Rg5+ Kh6) 37. Ra6 Kf7 38. Kh2 Ra2+ 39. Kh3 Kg7 {White must now prevent ...Ra1.} 40. Ra7+ Kf6 {Hoping for ...Ra1.} 41. Ra6+ Kf5 {aiming for ...Ra1.} 42. Ra5+ $2 (42. Ra7 $11 {and White is okay.} Ra1 43. Ra4) 42... Ke4 43. Ra6 {[#]} Ke3 $2 (43... Ra1 $1 $19 {Threatens to win with ...Kf3.} 44. Kg2 a2) 44. Rxg6 $11 {The position is equal.} Rc2 45. Ra6 Rc3 46. Ra5 Kf2 47. Rxh5 Rxg3+ 48. Kh2 Rg2+ 49. Kh3 Rg3+ 50. Kh2 Rg4 51. Rf5+ Ke3 52. Ra5 Rxh4+ {Precision: White = 66%, Black = 69%.} 1/2-1/2

[Event "EICC 2019"]
[Site "Skopia"]
[Date "2019.03.28"]
[Round "10.40"]
[White "Ivic, Velimir"]
[Black "Predke, Alexandr"]
[Result "0-1"]
[WhiteElo "2487"]
[BlackElo "2611"]
[Annotator "TA"]
[PlyCount "64"]
[EventDate "2019.03.18"]
[EventType "swiss"]
[EventCountry "MKD"]
[SourceTitle "playchess.com"]
[Source "ChessBase"]
[SourceQuality "1"]

{[%evp 18,64,18,18,34,8,13,27,33,26,33,25,48,0,0,0,0,0,0,0,0,0,0,0,0,0,0,0,0,-445,-410,-684,-666,-816,-805,-906,-905,-905,-865,-5193,-4456,-1789,-1405,-29983,-29983,-29980,-29981,-29994,-29995]} 1. e4 c6 2. d4 d5 3. Nd2 dxe4 4. Nxe4 Bf5 5. Ng3 Bg6 6. h4 h6 7. Nf3 e6 8. Ne5 Bh7 9. Bd3 Bxd3 10. Qxd3 Nd7 {B19: Classical Caro-Kann: 4...Bf5 main line} 11. f4 Bb4+ (11... Be7 12. Bd2 Nxe5 13. fxe5 Bxh4 14. O-O-O Bxg3 15. Qxg3 Ne7 16. Qxg7 Rg8 17. Qxh6 Qd5 18. Kb1 {½-½ (27) Predojevic,B (2626)-Saric,I (2692) Germany 2018}) 12. c3 Be7 {White has an edge.} 13. Bd2 Ngf6 14. O-O-O c5 15. d5 Nxe5 16. fxe5 Qxd5 17. Qb5+ Nd7 {[#] Threatens to win with ...0-0-0.} 18. Bxh6 $1 {[#]} a6 $146 19. Qa4 b5 20. Qf4 (20. Rxd5 $2 bxa4 21. Bxg7 Rh7 $19) 20... Qxa2 21. Bxg7 Rg8 $36 {[%mdl 2048] White is under pressure.} 22. Nh5 b4 23. Rhf1 $2 {[%mdl 8192]} (23. Qe4 $11 O-O-O 24. Nf6 (24. Qc6+ Kb8 $11) 24... bxc3 25. bxc3 Qa3+ 26. Kc2 Qa2+ 27. Kc1 Bxf6 28. Qc6+ Kb8 29. exf6) 23... O-O-O $19 24. Qe4 (24. Rd6 $142 bxc3 25. bxc3) 24... bxc3 25. bxc3 c4 {[%cal Re7a3] [#]} 26. Qc6+ Kb8 {[%cal Re7a3]} 27. Rxd7 Qa3+ 28. Kb1 Qb3+ 29. Kc1 Qxc3+ 30. Kb1 Rxd7 {Black mates.} 31. Qxd7 Qb3+ 32. Kc1 c3 {Accuracy: White = 52%, Black = 88%.} 0-1

[Event "EICC 2019"]
[Site "Skopia"]
[Date "2019.03.28"]
[Round "10.41"]
[White "Svane, Rasmus"]
[Black "Zhigalko, Andrey"]
[Result "1/2-1/2"]
[WhiteElo "2610"]
[BlackElo "2541"]
[Annotator "TA"]
[PlyCount "136"]
[EventDate "2019.03.18"]
[EventType "swiss"]
[EventCountry "MKD"]
[SourceTitle "playchess.com"]
[Source "ChessBase"]
[SourceQuality "1"]

{[%evp 24,136,18,18,27,35,28,31,40,25,30,32,29,37,32,31,34,25,41,34,42,23,29,28,27,27,29,22,21,23,25,24,31,31,40,18,17,20,16,15,13,0,0,0,0,0,0,0,0,0,0,0,0,0,0,0,0,0,0,0,0,0,0,0,0,0,0,0,0,0,0,0,0,0,0,0,0,0,0,0,0,0,0,0,0,0,0,0,0,0,0,0,0,0,0,0,0,0,0,0,0,0,0,0,0,0,0,0,0,0,0,0,0,0,0]} 1. Nf3 c5 2. c4 Nf6 3. Nc3 b6 4. g3 Bb7 5. Bg2 e6 6. O-O Be7 7. d4 cxd4 8. Qxd4 O-O 9. Rd1 d6 10. Bg5 {A30: Symmetrical English: Double Fianchetto and Hedgehog} (10. b3 Nbd7 11. Bb2 a6 12. e4 Qb8 13. Qe3 Re8 14. Nd4 Bf8 15. Qd2 Qa7 16. Re1 Rad8 17. Rad1 Qa8 18. Re2 g6 19. Qe1 Bg7 20. h3 Nc5 21. Bc1 Qb8 22. Bb2 Qa8 23. Bc1 Qb8 24. Bb2 {½-½ (24) Tomashevsky,E (2702)-Oparin,G (2609) Satka 2018}) 10... Nc6 11. Qf4 Qb8 12. Rd2 Ne5 13. Rad1 {LiveBook: 3 Games} Ng6 14. Qe3 {[#]} Rd8 $146 ({Predecessor:} 14... Qc7 15. Bxf6 gxf6 16. h4 h5 17. b3 Rfd8 {1-0 (35) Benidze,D (2476)-Solodovnichenko,Y (2586) Cubuk 2017}) 15. h4 {[%cal Bh2h4,Bh4h5][%mdl 32]} Ng4 16. Qd4 Nf6 17. Bxf6 Bxf6 18. Qe3 h6 19. h5 Ne7 20. Ne4 Bxe4 $1 21. Qxe4 d5 22. cxd5 Rxd5 23. Nd4 Bxd4 24. Rxd4 Qc7 $1 25. Qd3 Rxd4 26. Qxd4 Rc8 27. Be4 Kf8 28. Rd3 f6 29. Rc3 Qd8 {The position is equal.} 30. Rxc8 Qxc8 31. Qd6 {next Bg6 is good for White.} Kf7 32. Bd3 Qc1+ 33. Kh2 Qg5 ({Of course not} 33... Qxb2 $6 34. Qd7 $16) 34. Qd7 Qxh5+ 35. Kg1 {With the idea Bb5.} Qc5 36. Bb5 {[%csl Gb5][%cal Rd7e8] [#]} g5 37. b3 a5 38. a4 Qc8 39. Qd6 Qc1+ 40. Kg2 $1 {[#] Threatens to win with Bc4.} Qc5 41. Qb8 $1 Kg7 42. Bc4 Qc6+ 43. Kg1 Nd5 44. e4 Ne7 45. e5 Nd5 46. exf6+ Nxf6 47. Bb5 Qc5 48. Qb7+ Kf8 49. Bd3 (49. Bc4 {keeps more tension.} Qd6 50. Kg2 Nd7 51. Qf3+ Kg7 52. Qb7) 49... Qd6 (49... Qd4 {with more complications.} 50. Qc8+ Kg7 51. Bc2 Kf7 52. Qc7+ Nd7) 50. Bc4 h5 51. Qf3 Kf7 52. Qe3 g4 53. Kg2 Nd7 54. Bb5 Nf6 55. Bc4 Nd7 56. Qh6 Nf6 57. Qg5 Qc5 58. Qf4 Ke7 59. Qb8 Nd7 60. Qg8 Qf5 61. Bb5 {And now Qg7+ would win.} Ne5 62. Qe8+ Kd6 63. Qd8+ Kc5 64. Qc7+ Kb4 65. Qxb6 {Hoping for Bd3+.} Qe4+ 66. Kf1 Kc3 67. Qxa5+ Kc2 {White must now prevent ...Qh1+.} 68. Qe1 Qh1+ {Precision: White = 93%, Black = 83%.} 1/2-1/2